000 00455cam a2200181ua 4500
001 2407
008 110816n ii |||gr||||Z||||||asm
040 _cMAIN
082 _a398.054162
100 1 _aBardoloi, Nirmol Prabha,
_eAuthor.
245 1 _aAsomar loka sanskriti
_cby Nirmol Prabha Bardoloi
250 _a4th.
260 _aGuahati:
_bBina Library,991.
300 _a275p:
_c23cm.
653 _aFolklore
653 _aAssamese culture
942 _cBK
999 _c2264
_d2264